| 000 | 00605nam a22001817a 4500 | ||
|---|---|---|---|
| 008 | 230620b |||||||| |||| 00| 0 eng d | ||
| 020 | _a9780471862147 | ||
| 040 |
_aNational Science Library _cNational Science Library |
||
| 080 |
_aR 621.3](02) _bM2.3 |
||
| 245 | _aFundamentals handbook of electrical and computer engineering | ||
| 260 |
_aNew York: _bWiley, _c1983 |
||
| 300 | _axi,507p. | ||
| 500 | _aVol. 3 (Computer hardware, software, and applications); ISBN: 0-471-86214-2; 507p. | ||
| 650 | _aScience | ||
| 653 | _aEngineering | ||
| 700 | _aChang, Sheldon S L (Ed.) | ||
| 942 |
_2udc _cHDK |
||
| 999 |
_c45313 _d45313 |
||